| 000 | 00754nam a22002055i 4500 | ||
|---|---|---|---|
| 001 | 161472 | ||
| 003 | ES-MaACL | ||
| 005 | 20250716063319.0 | ||
| 008 | 041019s1839 fr |||| | fre d | ||
| 040 |
_aCAM _bspa _cCAM |
||
| 100 | 1 |
_aPascal, Blaise, _d1623-1662 _989307 |
|
| 245 | 1 | 4 | _aLes pensées de Blaise Pascal suivies d'une nouvelle table analitique. |
| 260 |
_aParis : _bAimé André, Libraire, _c1839 ( _fImprimerie de Jules Didot L'Ainé) |
||
| 300 |
_a[1] h. de lám., 500 p. ; _c23 cm. |
||
| 490 | 1 | _aCollection des classiques françois | |
| 597 | _aLa h. de lám. es un retrato del autor. | ||
| 830 | 0 |
_aCollection des classiques françois _9222116 |
|
| 852 |
_aES-MaACL _jD-4514 _z-- Enc. hol. |
||
| 999 |
_c161472 _d161472 |
||